Statistics for List of person spaceflight firsts

Click here to take the quiz!

General Stats

  • This quiz has been taken 44 times
  • The average score is 7 of 21

Answer Stats

HintAnswer% Correct
To reach space and in orbitYuri Gagarin
92%
Walk on the MoonNeil Armstrong
89%
Buzz Aldrin
76%
Jim Lovell
58%
SpacewalkAlexey Leonov
53%
To land in a spacecraft after spaceflightAlan Shepard
47%
Persons to enter lunar orbitFrank Borman
42%
Bill Anders
39%
Woman in spaceValentina Tereshkova
37%
Persons to spend one week in spaceGordon Cooper
29%
Untethered spacewalkBruce McCandless II
21%
In space for over 24 hoursGherman Titov
21%
Pete Conrad
21%
Privately-funded human space flight (suborbital)Mike Melvill
8%
Spacewalk by womanSvetlana Savitskaya
8%
Manned space stationGeorgi Dobrovolski
5%
Spaceflight (suborbital) by winged spacecraftJoe Walker
5%
Viktor Patsayev
5%
Vladislav Volkov
5%
Space station to space station flightLeonid Kizim
3%
Vladimir Solovyov
3%

Score Distribution

Percentile by Number Answered

Percent of People with Each Score

Your Score History

You have not taken this quiz